LEADER 01767nam 2200385Ia 450 001 996386439703316 005 20221108012152.0 035 $a(CKB)1000000000612549 035 $a(EEBO)2248512267 035 $a(UnM)99899176 035 $a(EXLCZ)991000000000612549 100 $a19980916g15921594 uy | 101 0 $alat 135 $aurbn||||a|bb| 200 13$a[A shorte introduction of grammar]$b[electronic resource] $e[generally to be vsed: compiled and set forth, for the bringing vp of all those that intend to attaine the knowledge of the Latine tongue] 210 $a[London $cper assig. F. Flor$d1592 [i.e. 1594]] 215 $a[200] p 300 $aBy William Lily, with contributions by John Colet, Thomas Robertson, and others. 300 $aDated on part 1 leaf D7v: 1589. 300 $aIn two parts. Part 2 has a separately dated title page (dated 1587; part 2, "I"8v dated 1578) reading "Brevissima institutio, seu ratio grammatices cognoscendæ". 300 $aThe last quire has "Nominum interpretatio", with the first two leaves signed "M" and the third "I". The outer sheet of this quire, including the 1578 colophon, probably belongs to an edition following the pattern of STC 15620--STC. 300 $aSignatures: A-D [2d]A-G H⁴ [chi]. 300 $aInterleaved. [1st]A-D only filmed. 300 $aReproduction of the original in the Bodleian Library. 330 $aeebo-0026 606 $aLatin language$xGrammar$vEarly works to 1500 615 0$aLatin language$xGrammar 700 $aLily$b William$f1468?-1522.$0841046 801 0$bCu-RivES 801 1$bCu-RivES 801 2$bWaOLN 906 $aBOOK 912 $a996386439703316 996 $aA shorte introduction of grammar$92300417 997 $aUNISA